Black the Block: TV Quiz Stats

 Plays Quiz Updated Jul 26, 2019

Score 0/30 Timer 06:00
2 Plays Today
% Correct
Friends
99.8%
Spock
94.9%
Squarepants
93.5%
Taxi
91.3%
Two
90.6%
Bob Barker
90.1%
Mad Men
88.3%
Football
87.2%
NBC
87%
Apu
84.4%
Johnny Carson
83.1%
White
82.7%
Lorne Michaels
81.3%
Wisteria Lane
80.9%
SVU
79.6%
% Correct
Carell
79.2%
California
76.8%
Cindy
76.1%
David Tennant
75.1%
Chicken
74.5%
General Hospital
72.9%
Maggie Greene
71.9%
Chef
68.5%
Susan
65%
Leslie Hope
60.2%
Tywin
59.7%
Please
58%
Bada Bing
57.9%
Jin
56%
SEX AND THE CITY
42.3%

You're not logged in!

Compare scores with friends on all Sporcle quizzes.
OR
Log In

Sporcle TV

Today on Sporcle TV


Watch our educational content, quiz creation guides, and fun videos on Sporcle TV.

Show Comments

Extras

Top Quizzes Today


Score Distribution

Your Account Isn't Verified!

In order to create a playlist on Sporcle, you need to verify the email address you used during registration. Go to your Sporcle Settings to finish the process.

Report this User

Report this user for behavior that violates our Community Guidelines.

Details: